Statistics for US State Picture Puzzle Game #1

Click here to take the quiz!

General Stats

  • This quiz has been taken 1,350 times
  • The average score is 12 of 17

Answer Stats

Hint Answer % Correct
Oahu is an island of this stateHawaii
97%
Most populous city in TexasHouston
89%
Main political partyRepublican
88%
Main political partyDemocratic
88%
Holiday on the 4th Thursday of Nov.Thanksgiving
79%
Largest Great LakeSuperior
79%
Richest man alive, $79.50 billionBill Gates
78%
"Bourbon Street" cityNew Orleans
74%
Top Connecticut universityYale
73%
HIDDEN STATENEW YORK
71%
Major Seattle football teamSeahawks
66%
16th American presidentAbraham Lincoln
66%
Disneyland theme-park cityAnaheim
62%
3rd language of the USChinese
52%
At the twilight's last _______gleaming
45%
Kalamazoo state's capitalLansing
38%
River on the US-Canada borderSt. Lawrence
35%

Score Distribution

Percentile by Number Answered

Percent of People with Each Score

Your Score History

You have not taken this quiz